[Event "4NCL Division 1b"]
[Site "Telford, ENG"]
[Date "2019.03.16"]
[Round "7.51"]
[White "Antoniewski, Rafal"]
[Black "Willow, Jonah B"]
[Result "1/2-1/2"]
[WhiteElo "2505"]
[BlackElo "2290"]
[PlyCount "87"]
[EventDate "2019.03.16"]
[WhiteTeam "Chess.com Manx Liberty 1"]
[BlackTeam "Wood Green Monarchs"]

1. e4 c5 2. Nc3 Nc6 3. Nf3 e6 4. d4 cxd4 5. Nxd4 Qc7 6. Be3 Nf6 7. f4 Bb4 8.
Ndb5 Qa5 9. e5 Nd5 10. Bd2 Nxc3 11. Bxc3 O-O 12. Qd2 Bxc3 13. Nxc3 f6 14. exf6
Rxf6 15. O-O-O d5 16. Kb1 Rb8 17. g3 b5 18. Bg2 b4 19. Ne2 Ba6 20. Nc1 Qb6 21.
Rhe1 Na5 22. Qd4 Qxd4 23. Rxd4 Kf7 24. h4 Nc6 25. Rd2 Bc4 26. Bh3 g6 27. Bg4
Ne7 28. Nd3 Bxd3 29. Rxd3 Nf5 30. c3 Nd6 31. cxb4 Rxb4 32. Rc1 Nc4 33. b3 Rb7
34. Ka1 Nd6 35. h5 Ne4 36. hxg6+ hxg6 37. Re3 g5 38. Rh1 Ke7 39. fxg5 Nxg5 40.
Rh5 Ne4 41. Bf3 Nxg3 42. Rh7+ Rf7 43. Bxd5 Rxh7 44. Bxb7 1/2-1/2

[Event "4NCL Division 1b"]
[Site "Telford, ENG"]
[Date "2019.03.16"]
[Round "7.52"]
[White "Stepanyan, Henrik"]
[Black "Cyborowski, Lukasz"]
[Result "1/2-1/2"]
[WhiteElo "2290"]
[BlackElo "2522"]
[PlyCount "52"]
[EventDate "2019.03.16"]
[WhiteTeam "Wood Green Monarchs"]
[BlackTeam "Chess.com Manx Liberty 1"]

1. d4 Nf6 2. Nf3 e6 3. c4 d5 4. g3 dxc4 5. Bg2 a6 6. O-O Nc6 7. e3 Bd6 8. Qe2
O-O 9. Qxc4 Qe7 10. Nbd2 e5 11. dxe5 Nxe5 12. Nxe5 Bxe5 13. Qc2 Rb8 14. Nc4 Bd7
15. Nxe5 Qxe5 16. Bd2 Bf5 17. Bc3 Qe6 18. Qa4 Be4 19. Bxf6 Bxg2 20. Kxg2 Qxf6
21. Qc2 c6 22. Rfd1 Rfd8 23. h4 h6 24. b3 Qe5 25. Kg1 c5 26. Rac1 Rxd1+ 1/2-1/2

[Event "4NCL Division 1b"]
[Site "Telford, ENG"]
[Date "2019.03.16"]
[Round "7.53"]
[White "Gonda, Laszlo"]
[Black "Cooper, Lawrence H"]
[Result "1-0"]
[WhiteElo "2530"]
[BlackElo "2336"]
[PlyCount "61"]
[EventDate "2019.03.16"]
[WhiteTeam "Chess.com Manx Liberty 1"]
[BlackTeam "Wood Green Monarchs"]

1. Nf3 Nf6 2. g3 b5 3. Bg2 Bb7 4. Na3 a6 5. c4 b4 6. Nc2 e6 7. O-O c5 8. d4
cxd4 9. Nfxd4 Qc8 10. Qd3 Nc6 11. Bf4 Nxd4 12. Nxd4 Bxg2 13. Kxg2 Qb7+ 14. Qf3
O-O-O 15. Nb3 Be7 16. Rfd1 Qxf3+ 17. Kxf3 Kb7 18. Bd6 Rhe8 19. e4 h5 20. a3
bxa3 21. Rxa3 Rc8 22. c5 Ng4 23. Na5+ Ka7 24. Nc4 Nxh2+ 25. Kg2 Ng4 26. b4 Ra8
27. Nb6 Rad8 28. Bc7 Nf6 29. Bxd8 Bxd8 30. Nc8+ Kb8 31. Nd6 1-0

[Event "4NCL Division 1b"]
[Site "Telford, ENG"]
[Date "2019.03.16"]
[Round "7.54"]
[White "Sygnowski, Tomasz"]
[Black "Galyas, Miklos"]
[Result "1/2-1/2"]
[WhiteElo "2237"]
[BlackElo "2494"]
[PlyCount "98"]
[EventDate "2019.03.16"]
[WhiteTeam "Wood Green Monarchs"]
[BlackTeam "Chess.com Manx Liberty 1"]

1. e4 e6 2. d4 d5 3. exd5 exd5 4. Bd3 c5 5. Nf3 c4 6. Be2 Nc6 7. O-O Bd6 8. Re1
Nge7 9. Nbd2 O-O 10. Nf1 Bg4 11. Ne3 Bh5 12. b3 b5 13. a4 cxb3 14. axb5 bxc2
15. Nxc2 Nb4 16. Ne3 Qb6 17. g4 Bg6 18. Ba3 a5 19. bxa6 Nxa6 20. Ne5 Rfd8 21.
Bf3 Bxa3 22. Nxg6 hxg6 23. Rxa3 Nc7 24. Nc4 Qf6 25. Rae3 Nc6 26. Ne5 Nxe5 27.
Rxe5 Ra3 28. Bg2 Ra2 29. Qf3 Qxf3 30. Bxf3 Rd2 31. Rc1 Ne6 32. Rxd5 Rxd5 33.
Bxd5 Nf4 34. Rc8+ Kh7 35. Bg2 Rxd4 36. Rc2 Rd1+ 37. Bf1 g5 38. f3 g6 39. Ra2
Kg7 40. Kf2 Rc1 41. Rb2 Kf6 42. Ra2 Ne6 43. Bd3 Nc5 44. Bb5 Rb1 45. Bc4 Rb4 46.
Rc2 Nd7 47. Be2 Ne5 48. Ra2 Rb3 49. Ra6+ Kg7 1/2-1/2

[Event "4NCL Division 1b"]
[Site "Telford, ENG"]
[Date "2019.03.16"]
[Round "7.55"]
[White "Jaracz, Pawel"]
[Black "Fitzsimons, David"]
[Result "1/2-1/2"]
[WhiteElo "2464"]
[BlackElo "2304"]
[PlyCount "66"]
[EventDate "2019.03.16"]
[WhiteTeam "Chess.com Manx Liberty 1"]
[BlackTeam "Wood Green Monarchs"]

1. Nf3 d5 2. e3 Nf6 3. c4 c5 4. cxd5 Nxd5 5. Bb5+ Bd7 6. Bc4 e6 7. O-O Be7 8.
Nc3 Bc6 9. Ne5 O-O 10. Qb3 Nxc3 11. Nxc6 Nxc6 12. Qxc3 Bf6 13. Qc2 Qd6 14. Be2
Rfd8 15. a3 Rd7 16. d3 Rad8 17. Rd1 Na5 18. Bd2 Qb6 19. Bxa5 Qxa5 20. Rac1 b6
21. Qb3 Qa6 22. Rc4 Qb7 23. Bf3 Qc7 24. Qc2 a5 25. b4 axb4 26. axb4 Be7 27.
bxc5 bxc5 28. g3 Qe5 29. Kg2 g6 30. Re4 Qf6 31. Rf4 Qe5 32. Re4 Qf6 33. Rf4 Qe5
1/2-1/2

[Event "4NCL Division 1b"]
[Site "Telford, ENG"]
[Date "2019.03.16"]
[Round "7.56"]
[White "Stewart, Ashley"]
[Black "Jaracz, Barbara"]
[Result "0-1"]
[WhiteElo "2237"]
[BlackElo "2199"]
[PlyCount "148"]
[EventDate "2019.03.16"]
[WhiteTeam "Wood Green Monarchs"]
[BlackTeam "Chess.com Manx Liberty 1"]

1. c4 c6 2. g3 d5 3. Bg2 Nf6 4. Nf3 Bf5 5. O-O e6 6. cxd5 cxd5 7. Qb3 Qb6 8.
Qxb6 axb6 9. Nc3 Nc6 10. d3 Be7 11. Bd2 O-O 12. Nb5 Rfc8 13. Rfc1 h6 14. a3 Nd7
15. Nfd4 Bg6 16. Bh3 Nxd4 17. Nxd4 Nc5 18. Be3 Bf6 19. Rab1 Kf8 20. b4 Na4 21.
Nb5 Nc3 22. Nxc3 Rxc3 23. Rxc3 Bxc3 24. Rb3 d4 25. Bf4 Ke7 26. Bg2 f6 27. Bxb7
Ra7 28. Bc6 e5 29. Bc1 Bf7 30. Rb1 Ba2 31. Rb2 Bxb2 32. Bxb2 Kd6 33. b5 Bd5 34.
Be8 Be6 35. e3 dxe3 36. fxe3 Bd7 37. Bg6 Bxb5 38. Bc3 Rc7 39. Bb4+ Ke6 40. g4
Rc2 41. h4 Bc6 42. e4 Bb5 43. Bf8 Rc7 44. Kf2 Bxd3 45. h5 Bb5 46. Ke3 Ra7 47.
Kf2 Rc7 48. Ke3 f5 49. Bxf5+ Kf6 50. Bd6 Rc3+ 51. Kf2 Ba6 52. Bb4 Rd3 53. Bf8
Bc4 54. Kg2 Rd8 55. Bb4 Be6 56. Be1 Rd3 57. Bh4+ Kf7 58. Bg6+ Kg8 59. Bf2 b5
60. Bc5 Bxg4 61. Be8 Bd7 62. Bg6 Be6 63. Be8 Bd7 64. Bg6 Rb3 65. Kf2 Be6 66.
Bd6 Bf7 67. Bf5 Rd3 68. Bb4 Bxh5 69. Bc8 Be8 70. Be6+ Bf7 71. Bc8 g5 72. Ba6
Be8 73. Ke2 Rd4 74. Ke3 Bc6 0-1

[Event "4NCL Division 1b"]
[Site "Telford, ENG"]
[Date "2019.03.16"]
[Round "7.57"]
[White "Dahl, Baard"]
[Black "Guha, Chirag"]
[Result "1-0"]
[WhiteElo "2052"]
[BlackElo "2057"]
[PlyCount "87"]
[EventDate "2019.03.16"]
[WhiteTeam "Chess.com Manx Liberty 1"]
[BlackTeam "Wood Green Monarchs"]

1. e4 e5 2. Nf3 Nc6 3. Bb5 Nge7 4. c3 g6 5. d4 exd4 6. cxd4 d5 7. exd5 Nxd5 8.
O-O Bg7 9. Ne5 Qd6 10. Nc3 Nxc3 11. bxc3 O-O 12. Nxc6 bxc6 13. Qf3 Bd7 14. Bf4
Qf6 15. Ba4 Rac8 16. Qg3 Qd8 17. Rfd1 h6 18. h4 Kh7 19. Bc2 f5 20. Rab1 Bf6 21.
Rb7 Bxh4 22. Qh2 Qe7 23. Bd3 Rfe8 24. Bxc7 Be6 25. Rdb1 Bd7 26. Be5 Rcd8 27.
Rxa7 Bf6 28. Rbb7 Bxe5 29. Qxe5 Qf7 30. Qd6 Re1+ 31. Kh2 Re7 32. g3 Kh8 33. d5
g5 34. Qxh6+ Qh7 35. Qxh7+ Rxh7+ 36. Kg1 cxd5 37. Bb5 Bxb5 38. Rxh7+ Kg8 39.
Rag7+ Kf8 40. Rb7 Kg8 41. Rhg7+ Kh8 42. Rxg5 Bd3 43. Rb4 Rd7 44. Rh4+ 1-0

[Event "4NCL Division 1b"]
[Site "Telford, ENG"]
[Date "2019.03.16"]
[Round "7.58"]
[White "Serbanescu, Diana-Maria"]
[Black "Fabri, Henrik"]
[Result "1-0"]
[WhiteElo "2002"]
[BlackElo "1945"]
[PlyCount "79"]
[EventDate "2019.03.16"]
[WhiteTeam "Wood Green Monarchs"]
[BlackTeam "Chess.com Manx Liberty 1"]

1. e4 Nf6 2. e5 Nd5 3. d4 d6 4. c4 Nb6 5. exd6 cxd6 6. Be3 g6 7. Nc3 Bg7 8. Rc1
Nc6 9. b3 O-O 10. d5 Ne5 11. Be2 f5 12. f4 Ng4 13. Bxg4 fxg4 14. Nge2 Nd7 15.
O-O Nf6 16. Bd4 Bf5 17. Re1 a6 18. Ng3 b5 19. cxb5 axb5 20. Nxb5 Rxa2 21. Nxf5
gxf5 22. Nc7 Rf7 23. b4 e5 24. fxe5 Rxc7 25. exf6 Rxc1 26. Qxc1 Bxf6 27. Bxf6
Qxf6 28. Qc8+ Kg7 29. Qd7+ Kg6 30. Re6 Ra1+ 31. Kf2 Ra2+ 32. Ke1 Ra1+ 33. Kd2
Ra2+ 34. Kd3 Rxg2 35. Rxf6+ Kxf6 36. Qxd6+ Kg5 37. Qe7+ Kg6 38. d6 g3 39. hxg3
Rxg3+ 40. Kc4 1-0

[Event "4NCL Division 1b"]
[Site "Telford, ENG"]
[Date "2019.03.16"]
[Round "7.61"]
[White "Howell, David W L"]
[Black "Kulon, Klaudia"]
[Result "1-0"]
[WhiteElo "2693"]
[BlackElo "2358"]
[PlyCount "71"]
[EventDate "2019.03.16"]
[WhiteTeam "Cheddleton 1"]
[BlackTeam "Celtic Tigers 1"]

1. d4 Nf6 2. c4 g6 3. g3 Bg7 4. Bg2 O-O 5. Nc3 d6 6. Nf3 Nc6 7. O-O e5 8. dxe5
dxe5 9. Bg5 Be6 10. Nd2 h6 11. Bxf6 Bxf6 12. Nde4 Be7 13. Qc1 Kg7 14. Rd1 Qe8
15. Nd5 Bd8 16. Nc5 Bc8 17. e3 b6 18. Nb3 Rb8 19. Qc3 Kh7 20. c5 Bb7 21. Rac1
b5 22. a3 a5 23. Nxa5 Nxa5 24. Qxa5 Bxd5 25. Bxd5 c6 26. Qa7 Rc8 27. Bb3 Bc7
28. Qb7 h5 29. Rd2 h4 30. Rcd1 e4 31. Rd7 Qe5 32. Bxf7 Qf6 33. R1d2 hxg3 34.
hxg3 Bxg3 35. fxg3 Kh6 36. R2d6 1-0

[Event "4NCL Division 1b"]
[Site "Telford, ENG"]
[Date "2019.03.16"]
[Round "7.62"]
[White "Reimanis, Ritvars"]
[Black "Hawkins, Jonathan"]
[Result "0-1"]
[WhiteElo "2330"]
[BlackElo "2563"]
[PlyCount "134"]
[EventDate "2019.03.16"]
[WhiteTeam "Celtic Tigers 1"]
[BlackTeam "Cheddleton 1"]

1. d4 d5 2. c4 e6 3. Nc3 Nf6 4. Bg5 Be7 5. cxd5 exd5 6. e3 c6 7. Bd3 Nbd7 8.
Nf3 O-O 9. Qc2 Re8 10. O-O Nf8 11. Rab1 a5 12. Rbe1 Ne4 13. Bxe7 Qxe7 14. Bxe4
dxe4 15. Nd2 f5 16. Na4 Be6 17. Nb6 Rad8 18. Nb3 f4 19. exf4 Qb4 20. f5 Bxb3
21. Qxb3+ Qxb3 22. axb3 Rxd4 23. Re3 Re5 24. g4 Rb5 25. Nc4 Nd7 26. Rc1 Nf6 27.
Rce1 Nxg4 28. Rxe4 Rxe4 29. Rxe4 Nf6 30. Re7 Kf8 31. Rc7 Ne4 32. f3 Ng5 33. Kg2
Rxf5 34. Rxb7 Nxf3 35. Ra7 Nd4 36. Nxa5 Rf7 37. Ra8+ Ke7 38. Nc4 Rf5 39. Ra7+
Kf6 40. Ra6 Rc5 41. Na5 Kf5 42. Ra7 g5 43. Nc4 h5 44. Kf2 Nxb3 45. Ne3+ Ke4 46.
Re7+ Kd3 47. h4 gxh4 48. Ng2 Rc2+ 49. Kg1 Rxb2 50. Nxh4 Nd4 51. Ng6 Nf3+ 52.
Kf1 Kd4 53. Nf4 h4 54. Ne2+ Kc4 55. Re3 Ng5 56. Rc3+ Kd5 57. Nf4+ Kd6 58. Ra3
Rb4 59. Nd3 Rd4 60. Nf2 c5 61. Ke2 Kd5 62. Ra8 Nf7 63. Rf8 Ne5 64. Rf5 c4 65.
Rf8 c3 66. Nd1 Rd2+ 67. Ke1 Nd3+ 0-1

[Event "4NCL Division 1b"]
[Site "Telford, ENG"]
[Date "2019.03.16"]
[Round "7.63"]
[White "Fodor, Tamas Jr"]
[Black "Hoffmann, Hendrik"]
[Result "1/2-1/2"]
[WhiteElo "2528"]
[BlackElo "2239"]
[PlyCount "82"]
[EventDate "2019.03.16"]
[WhiteTeam "Cheddleton 1"]
[BlackTeam "Celtic Tigers 1"]

1. c4 c5 2. Nc3 Nc6 3. g3 g6 4. Bg2 Bg7 5. e4 e5 6. d3 d6 7. Nd5 Nce7 8. Ne2
Nxd5 9. cxd5 f5 10. O-O Nf6 11. f4 O-O 12. fxe5 dxe5 13. Nc3 Ne8 14. Rb1 Nd6
15. b4 cxb4 16. Rxb4 Qc7 17. Rb3 Bd7 18. Kh1 b5 19. Ba3 Rab8 20. Ne2 a5 21. Rc3
Qb6 22. Bc5 Qa6 23. exf5 Rxf5 24. Rxf5 Bxf5 25. Bg1 Bd7 26. Rc7 Rd8 27. Qc1 b4
28. Qc5 Bf8 29. Ra7 Qxd3 30. Qxa5 Rc8 31. Rxd7 Qxe2 32. Rc7 Rxc7 33. Qxc7 Qxa2
34. Qd7 Qc4 35. Qe6+ Nf7 36. Qc6 Qd3 37. d6 Qxd6 38. Qb7 Qe7 39. Qd5 Qd6 40.
Qb7 Qe7 41. Qd5 Qd6 1/2-1/2

[Event "4NCL Division 1b"]
[Site "Telford, ENG"]
[Date "2019.03.16"]
[Round "7.64"]
[White "Skulte, Christopher"]
[Black "Thorfinnsson, Bjorn"]
[Result "1-0"]
[WhiteElo "2140"]
[BlackElo "2400"]
[PlyCount "85"]
[EventDate "2019.03.16"]
[WhiteTeam "Celtic Tigers 1"]
[BlackTeam "Cheddleton 1"]

1. e4 e5 2. Nf3 Nc6 3. d4 exd4 4. Nxd4 Nf6 5. Nc3 Bb4 6. Nxc6 bxc6 7. Bd3 O-O
8. O-O Re8 9. Qf3 h6 10. a3 Bxc3 11. bxc3 d6 12. Rb1 Ng4 13. Qg3 Qf6 14. f4
Qxc3 15. h3 Nf6 16. Bb2 Qc5+ 17. Kh1 Nh5 18. Qh4 Rb8 19. Bd4 Qxd4 20. Rxb8 Nf6
21. Qf2 Qa4 22. Ra8 c5 23. e5 Nd7 24. exd6 cxd6 25. Rb1 Qxa3 26. Bf5 Qa4 27.
Re1 Rf8 28. Re7 Qa1+ 29. Kh2 Nb6 30. Raxa7 Qf6 31. Be4 d5 32. Bd3 Qd6 33. Bb5
Be6 34. Rec7 d4 35. Rc6 Qb8 36. Ra1 Rc8 37. Rxc8+ Nxc8 38. Bc6 Qb2 39. Ra8 d3
40. Be4 dxc2 41. Qxc2 Qb6 42. Bf5 c4 43. Qe4 1-0

[Event "4NCL Division 1b"]
[Site "Telford, ENG"]
[Date "2019.03.16"]
[Round "7.65"]
[White "Eggleston, David J"]
[Black "Maciol, Ryszard"]
[Result "1-0"]
[WhiteElo "2394"]
[BlackElo "2169"]
[PlyCount "75"]
[EventDate "2019.03.16"]
[WhiteTeam "Cheddleton 1"]
[BlackTeam "Celtic Tigers 1"]

1. e4 e6 2. d4 d5 3. Nc3 Bb4 4. e5 c5 5. a3 Bxc3+ 6. bxc3 Qa5 7. Bd2 Qa4 8. Qg4
g6 9. Nf3 Nc6 10. Qf4 Qxc2 11. Be2 Bd7 12. dxc5 Qe4 13. Qxe4 dxe4 14. Ng5 f5
15. exf6 Nxf6 16. f3 O-O 17. fxe4 h6 18. Nf3 Kg7 19. Bd3 Na5 20. Rb1 Rac8 21.
c4 b6 22. cxb6 axb6 23. c5 Rxc5 24. Bb4 Rd8 25. Bxc5 bxc5 26. Ne5 Ba4 27. O-O
Rd4 28. Rb6 c4 29. Bb1 Rd1 30. Ra6 c3 31. Rxd1 Bxd1 32. Rxa5 c2 33. Bxc2 Bxc2
34. Ra7+ Kg8 35. Nxg6 Bxe4 36. Ne5 Nd5 37. a4 Ne3 38. g3 1-0

[Event "4NCL Division 1b"]
[Site "Telford, ENG"]
[Date "2019.03.16"]
[Round "7.66"]
[White "Pedersen, Carsten"]
[Black "Astaneh Lopez, Alex"]
[Result "0-1"]
[WhiteElo "2123"]
[BlackElo "2427"]
[PlyCount "58"]
[EventDate "2019.03.16"]
[WhiteTeam "Celtic Tigers 1"]
[BlackTeam "Cheddleton 1"]

1. e4 e5 2. Nf3 Nc6 3. Bc4 Bc5 4. c3 Nf6 5. d4 exd4 6. e5 d5 7. Be2 Ne4 8. cxd4
Bb6 9. O-O f6 10. exf6 Qxf6 11. Nc3 Be6 12. Be3 O-O 13. Na4 Bg4 14. Nxb6 axb6
15. h3 Bh5 16. Re1 Rae8 17. Qb3 Qd6 18. Nh2 Na5 19. Qc2 Bxe2 20. Rxe2 Nc4 21.
Nf1 c6 22. Rae1 Qg6 23. Qb3 Rf3 24. Kh2 Nxe3 25. fxe3 Rf5 26. Kg1 Ref8 27. Qxb6
Ng5 28. Nd2 Nxh3+ 29. Kh2 Qd6+ 0-1

[Event "4NCL Division 1b"]
[Site "Telford, ENG"]
[Date "2019.03.16"]
[Round "7.67"]
[White "Arkell, Keith C"]
[Black "Evans, Craig"]
[Result "1-0"]
[WhiteElo "2463"]
[BlackElo "2000"]
[PlyCount "69"]
[EventDate "2019.03.16"]
[WhiteTeam "Cheddleton 1"]
[BlackTeam "Celtic Tigers 1"]

1. Nf3 Nf6 2. c4 g6 3. Nc3 Bg7 4. d4 d5 5. cxd5 Nxd5 6. g3 O-O 7. Bg2 Nc6 8.
O-O Bf5 9. Re1 Nxc3 10. bxc3 Be4 11. e3 e5 12. Nd2 Bxg2 13. Kxg2 Re8 14. Bb2
Rb8 15. a4 Na5 16. Ba3 b6 17. Rb1 Qd7 18. Bb4 Nb7 19. Nf3 a5 20. Ba3 e4 21. Nd2
Bf8 22. Bxf8 Kxf8 23. Nc4 f6 24. Rb5 Nd6 25. Nxd6 Qxd6 26. c4 Rbd8 27. Qc2 Qe6
28. Reb1 h5 29. h3 Kg7 30. c5 Rd5 31. cxb6 cxb6 32. Rxd5 Qxd5 33. Qc7+ Kh6 34.
Rxb6 Qf5 35. Qf4+ 1-0

[Event "4NCL Division 1b"]
[Site "Telford, ENG"]
[Date "2019.03.16"]
[Round "7.68"]
[White "Larter, Nick J"]
[Black "Steil-Antoni, Fiona"]
[Result "1/2-1/2"]
[WhiteElo "1952"]
[BlackElo "2158"]
[PlyCount "61"]
[EventDate "2019.03.16"]
[WhiteTeam "Celtic Tigers 1"]
[BlackTeam "Cheddleton 1"]

1. e4 d6 2. c4 c5 3. Nc3 e5 4. d3 Nc6 5. Nge2 f5 6. f4 Nf6 7. Ng3 Nd4 8. Be2 g6
9. O-O Bg7 10. fxe5 dxe5 11. exf5 Nxf5 12. Nxf5 Bxf5 13. Be3 b6 14. Bf3 Rc8 15.
Nd5 O-O 16. Qd2 Qd6 17. Rae1 Rcd8 18. Bg5 Rd7 19. Bxf6 Bxf6 20. Nxf6+ Rxf6 21.
Bd5+ Kg7 22. Qe3 Re7 23. Qg3 Rf8 24. Re3 h6 25. Ref3 Kh7 26. h4 h5 27. Qg5 Qf6
28. Qg3 Qg7 29. Qg5 Qf6 30. Qg3 Qg7 31. Qg5 1/2-1/2

[Event "4NCL Division 1b"]
[Site "Telford, ENG"]
[Date "2019.03.16"]
[Round "7.71"]
[White "Zhou, Yang-Fan"]
[Black "Gormally, Daniel W"]
[Result "0-1"]
[WhiteElo "2439"]
[BlackElo "2510"]
[PlyCount "80"]
[EventDate "2019.03.16"]
[WhiteTeam "Guildford 2"]
[BlackTeam "Blackthorne Russia"]

1. e4 c5 2. Nf3 d6 3. d4 cxd4 4. Qxd4 a6 5. h3 Nc6 6. Qe3 g6 7. c4 Bg7 8. Be2
Nf6 9. O-O O-O 10. Nc3 Nd7 11. Rb1 b6 12. b3 Bb7 13. Bb2 Nc5 14. Rfd1 e5 15.
Nd5 Ne7 16. b4 Nxd5 17. exd5 Nd7 18. a4 a5 19. c5 bxc5 20. bxc5 Nxc5 21. Ba3
Rb8 22. Bxc5 dxc5 23. Qxc5 e4 24. Nh2 Rc8 25. Qe3 Rc3 26. Qxe4 Bc8 27. Qf4 Bf5
28. Rb7 Bc2 29. Rd2 g5 30. Qg4 Bg6 31. Qd7 Qf6 32. Nf3 Rc1+ 33. Kh2 Qa1 34. Qe7
Bf6 35. Qe3 h5 36. g4 hxg4 37. hxg4 Kg7 38. Kg2 Rh8 39. Ra2 Qxa2 40. Qxc1 Qxe2
0-1

[Event "4NCL Division 1b"]
[Site "Telford, ENG"]
[Date "2019.03.16"]
[Round "7.72"]
[White "Hunt, Harriet V"]
[Black "Sarakauskas, Gediminas"]
[Result "0-1"]
[WhiteElo "2424"]
[BlackElo "2431"]
[PlyCount "94"]
[EventDate "2019.03.16"]
[WhiteTeam "Blackthorne Russia"]
[BlackTeam "Guildford 2"]

1. e4 e5 2. Nf3 Nc6 3. Bb5 Nf6 4. d3 Bc5 5. Nbd2 d6 6. O-O O-O 7. c3 a6 8. Bxc6
bxc6 9. d4 exd4 10. cxd4 Bb6 11. Qc2 c5 12. d5 Re8 13. Re1 Ba5 14. Re3 Bxd2 15.
Bxd2 Bg4 16. Rae1 Bh5 17. Qc4 Nd7 18. Qf1 Nf6 19. Ng5 Bg4 20. f4 h6 21. Nf3 Bd7
22. Qc4 c6 23. a4 Rxe4 24. Rxe4 cxd5 25. Re8+ Bxe8 26. Qc2 a5 27. Nh4 Ne4 28.
Nf5 Bd7 29. Ne3 Bc6 30. b3 Qf6 31. Bc1 Re8 32. g3 Qc3 33. Qxc3 Nxc3 34. Bd2 d4
35. Nf5 Rxe1+ 36. Bxe1 Kf8 37. Nxd6 Bd5 38. Nb5 Nxb5 39. axb5 Bxb3 40. Bxa5 Ke7
41. Kf2 Kd6 42. Bd8 Bd5 43. g4 Be4 44. f5 c4 45. f6 g6 46. Be7+ Ke5 47. b6 c3
0-1

[Event "4NCL Division 1b"]
[Site "Telford, ENG"]
[Date "2019.03.16"]
[Round "7.73"]
[White "Milliet, Sophie"]
[Black "Bates, Richard A"]
[Result "1/2-1/2"]
[WhiteElo "2391"]
[BlackElo "2347"]
[PlyCount "44"]
[EventDate "2019.03.16"]
[WhiteTeam "Guildford 2"]
[BlackTeam "Blackthorne Russia"]

1. e4 c5 2. Nf3 d6 3. d4 cxd4 4. Qxd4 e5 5. Bb5+ Nd7 6. Qd3 Be7 7. c4 Ngf6 8.
Nc3 O-O 9. Be3 a6 10. Bxd7 Bxd7 11. O-O b5 12. cxb5 axb5 13. Bg5 b4 14. Bxf6
Bxf6 15. Nd5 Rb8 16. Rfd1 Bg5 17. a4 bxa3 18. Qxa3 Be6 19. Nc3 Be7 20. b4 Qb6
21. b5 Rfc8 22. h3 Bf8 1/2-1/2

[Event "4NCL Division 1b"]
[Site "Telford, ENG"]
[Date "2019.03.16"]
[Round "7.74"]
[White "Hunt, Adam C"]
[Black "Povah, Nigel E"]
[Result "1/2-1/2"]
[WhiteElo "2397"]
[BlackElo "2321"]
[PlyCount "70"]
[EventDate "2019.03.16"]
[WhiteTeam "Blackthorne Russia"]
[BlackTeam "Guildford 2"]

1. e4 c5 2. Nf3 Nc6 3. d4 cxd4 4. Nxd4 e6 5. Nc3 Qc7 6. Be2 a6 7. O-O Nf6 8.
Kh1 Nxd4 9. Qxd4 Bc5 10. Qd3 h5 11. f4 d6 12. Qg3 Kf8 13. Be3 b5 14. Bxc5 Qxc5
15. e5 Ne8 16. Bf3 d5 17. f5 b4 18. Ne2 exf5 19. Nf4 h4 20. Qe1 Be6 21. Nd3
Qxc2 22. Qxb4+ Kg8 23. Nc5 h3 24. g3 f4 25. Rac1 Qf5 26. Nxe6 fxg3 27. hxg3
Qxe6 28. Qa5 Qxe5 29. Rce1 Qb8 30. Bxd5 Ra7 31. Qa4 Nd6 32. Qd4 Rh6 33. Rf3 Rc7
34. Rb3 Qc8 35. Qd2 Rf6 1/2-1/2

[Event "4NCL Division 1b"]
[Site "Telford, ENG"]
[Date "2019.03.16"]
[Round "7.75"]
[White "Wadsworth, Matthew J"]
[Black "Ledger, Andrew J"]
[Result "1-0"]
[WhiteElo "2396"]
[BlackElo "2338"]
[PlyCount "153"]
[EventDate "2019.03.16"]
[WhiteTeam "Guildford 2"]
[BlackTeam "Blackthorne Russia"]

1. c4 e6 2. g3 d5 3. Bg2 Nf6 4. Nf3 Be7 5. O-O O-O 6. b3 c5 7. Bb2 b6 8. e3 Bb7
9. Nc3 Qc8 10. cxd5 Nxd5 11. Qe2 Rd8 12. Rfc1 Ba6 13. Nb5 Qd7 14. a4 Nc6 15. d4
cxd4 16. Nfxd4 Nxd4 17. Bxd4 Rac8 18. Rd1 Qe8 19. Qg4 Nf6 20. Qg5 h6 21. Qe5
Bc5 22. Nc7 Bd6 23. Qxf6 gxf6 24. Nxe8 Rxe8 25. Bxf6 Be7 26. Bd4 Bb4 27. Rdc1
Rxc1+ 28. Rxc1 Rc8 29. Rxc8+ Bxc8 30. Bf1 Bb7 31. Bc4 Bf3 32. Kf1 Kh7 33. Bd3+
Kg8 34. Bf6 Bd1 35. Bc4 a6 36. Bxa6 Bxb3 37. Bb5 Bd1 38. Bd4 Ba5 39. Kg2 Kh7
40. e4 f5 41. exf5 exf5 42. f3 Kg8 43. h4 Kf7 44. h5 Bc2 45. Kf2 Bb3 46. Ke3
Bd5 47. Bd7 Bb3 48. Bxf5 Bxa4 49. g4 Bb3 50. g5 Bb4 51. g6+ Ke7 52. Bxb6 Kf6
53. Kf4 Bd2+ 54. Kg4 Bc3 55. Bd8+ Kg7 56. Be7 Bf6 57. Bxf6+ Kxf6 58. Kf4 Bd1
59. Bg4 Ba4 60. Bc8 Bc6 61. Bf5 Bd5 62. Be4 Bb3 63. Ke3 Ke5 64. Kd3 Bg8 65. Kc3
Be6 66. Kb4 Kf6 67. Kc5 Bb3 68. Kd6 Be6 69. g7 Bf7 70. Bd5 Kxg7 71. Bxf7 Kxf7
72. Ke5 Ke7 73. Kf5 Kf7 74. f4 Ke7 75. Kg6 Ke6 76. f5+ Ke7 77. Kg7 1-0

[Event "4NCL Division 1b"]
[Site "Telford, ENG"]
[Date "2019.03.16"]
[Round "7.76"]
[White "Ansell, Simon T"]
[Black "Buckley, Graeme N"]
[Result "1-0"]
[WhiteElo "2332"]
[BlackElo "2339"]
[PlyCount "81"]
[EventDate "2019.03.16"]
[WhiteTeam "Blackthorne Russia"]
[BlackTeam "Guildford 2"]

1. d4 Nf6 2. Bf4 e6 3. e3 c5 4. c3 Be7 5. h3 b6 6. Nf3 Bb7 7. Nbd2 O-O 8. Bd3
cxd4 9. exd4 Nc6 10. O-O a6 11. a4 d6 12. Qe2 Re8 13. Bg3 Qd7 14. Nc4 Qc7 15.
Nfd2 g6 16. Rfe1 Bf8 17. Qd1 b5 18. axb5 axb5 19. Na3 Na7 20. Nc2 Qb6 21. Ne3
e5 22. Nb3 Rac8 23. Qb1 Nc6 24. Bh4 exd4 25. Nxd4 Nxd4 26. Bxf6 Nb3 27. Ra3 Nd2
28. Qd1 Nc4 29. Bxc4 bxc4 30. Ra1 Be4 31. Bd4 Qb5 32. Ng4 f5 33. Nf6+ Kf7 34.
Nxe8 Rxe8 35. Ra7+ Re7 36. Rxe7+ Bxe7 37. Qd2 g5 38. Qe2 Qb7 39. Qh5+ Kf8 40.
f3 Bd5 41. Qh6+ 1-0

[Event "4NCL Division 1b"]
[Site "Telford, ENG"]
[Date "2019.03.16"]
[Round "7.77"]
[White "Golding, Alex"]
[Black "Ledger, Dave J"]
[Result "1/2-1/2"]
[WhiteElo "2236"]
[BlackElo "2260"]
[PlyCount "96"]
[EventDate "2019.03.16"]
[WhiteTeam "Guildford 2"]
[BlackTeam "Blackthorne Russia"]

1. d4 Nf6 2. c4 e6 3. Nf3 d5 4. Nc3 Bb4 5. cxd5 exd5 6. Bg5 h6 7. Bxf6 Qxf6 8.
Qa4+ Nc6 9. Ne5 O-O 10. Nxc6 Bxc3+ 11. bxc3 Qxc6 12. Qxc6 bxc6 13. Rb1 Bf5 14.
Rb3 Rfb8 15. Kd2 Bb1 16. e4 Bxa2 17. Rxb8+ Rxb8 18. Bd3 Rb2+ 19. Ke3 a5 20. Rc1
a4 21. c4 dxe4 22. Bxe4 Rb6 23. Ra1 Bb3 24. Kd3 Kf8 25. Kc3 Ke7 26. Bc2 Bxc2
27. Kxc2 Ra6 28. Kc3 Kf6 29. Ra3 Kf5 30. f3 h5 31. Kb4 h4 32. g3 g5 33. Rxa4
Rxa4+ 34. Kxa4 hxg3 35. hxg3 g4 36. fxg4+ Ke4 37. Kb4 Kxd4 38. g5 c5+ 39. Kb5
c6+ 40. Kxc6 Kxc4 41. Kd6 Kd4 42. Ke7 c4 43. Kxf7 c3 44. g6 c2 45. g7 c1=Q 46.
g8=Q Qc4+ 47. Kg7 Qxg8+ 48. Kxg8 Ke5 1/2-1/2

[Event "4NCL Division 1b"]
[Site "Telford, ENG"]
[Date "2019.03.16"]
[Round "7.78"]
[White "Eames, Robert S"]
[Black "Granat, Russell G"]
[Result "1/2-1/2"]
[WhiteElo "2125"]
[BlackElo "2210"]
[PlyCount "123"]
[EventDate "2019.03.16"]
[WhiteTeam "Blackthorne Russia"]
[BlackTeam "Guildford 2"]

1. d4 d5 2. c4 Bf5 3. Nc3 e6 4. Nf3 Nc6 5. Bf4 Nf6 6. e3 Be7 7. h3 a6 8. Bd3
Bxd3 9. Qxd3 Nb4 10. Qe2 dxc4 11. O-O b5 12. Rfd1 Nbd5 13. Bh2 O-O 14. Ne5 Bd6
15. e4 Nxc3 16. bxc3 Qc8 17. f4 c5 18. Rac1 Qb7 19. Nxc4 Qxe4 20. Qxe4 Nxe4 21.
Nxd6 Nxd6 22. dxc5 Ne4 23. c4 b4 24. f5 Rac8 25. Bd6 Rfe8 26. fxe6 Rxe6 27. Kh2
g6 28. Rd5 a5 29. Rc2 f6 30. h4 Rc6 31. g3 Kf7 32. Kg2 Ke8 33. h5 Nxd6 34. cxd6
Rexd6 35. Rxa5 Rd4 36. Ra8+ Kd7 37. Rh8 gxh5 38. Rxh7+ Kd6 39. Rxh5 Rcxc4 40.
Rf2 Kc7 41. Rh7+ Kd6 42. Rxf6+ Ke5 43. Rf2 Rc3 44. Rh5+ Ke6 45. Rhf5 b3 46.
Rf6+ Ke7 47. axb3 Rxb3 48. Rf7+ Ke6 49. Kh3 Rdd3 50. R2f6+ Ke5 51. Rf5+ Ke6 52.
R7f6+ Ke7 53. Rg6 Rf3 54. Re5+ Kf7 55. Rg4 Rf2 56. Reg5 Rbb2 57. Rg7+ Kf8 58.
Rg8+ Kf7 59. R4g7+ Kf6 60. Rg6+ Kf7 61. R8g7+ Kf8 62. Rg8+ 1/2-1/2